Los derechos humanos en América Latina /
Uloženo v:
| Hlavní autor: | |
|---|---|
| Médium: | Kniha |
| Jazyk: | Spanish |
| Tagy: |
Přidat tag
Žádné tagy, Buďte první, kdo vytvoří štítek k tomuto záznamu!
|
MARC
| LEADER | 00000nam a22000007a 4500 | ||
|---|---|---|---|
| 003 | cru CIDCACS/IIS | ||
| 005 | 20170525102503.0 | ||
| 007 | ta | ||
| 008 | 170525s1985 pe ||||| |||| 00| 0 spa d | ||
| 040 | |c cru CIDCACS/IIS | ||
| 100 | 1 | |9 4876 |a Pérez Esquivel, Adolfo | |
| 245 | 1 | 4 | |a Los derechos humanos en América Latina / |c Adolfo Pérez Esquivel |
| 300 | |a páginas 33-35 | ||
| 773 | 0 | |0 19374 |9 916 |a Comisión Andina de Juristas |d Lima, Perú Comisión Andina de Juristas |o 17649 |t Boletín / | |
| 942 | |2 ddc |c PP | ||
| 999 | |c 19385 |d 19385 | ||
